Mongols and Mamluks (Бичлэгийн дугаар. 144399)
| 000 -УДИРДЛАГА | |
|---|---|
| Удирдлага | 02124nam a2200385 4500 |
| 003 - ХЯНАЛТЫН ТОО ТОДОРХОЙЛОГЧ | |
| Код | MN-UlNUM |
| 005 - БИЧИЛТ ХИЙСЭН ОГНОО | |
| Тухайн бичилтийг бичсэн засварласан сүүлийн огноо | 20251021142357.0 |
| 008 - ЕРӨНХИЙ МЭДЭЭЛЭЛ | |
| Ерөнхий мэдээлэл | 251016s2004 cau||||| |||| 00| | eng d |
| 020 ## - ISBN | |
| ISBN | 9780521522908 |
| 040 ## - БИЧЛЭГ ҮҮСГЭГЧ БАЙГУУЛЛАГА | |
| Бичлэг үүсгэгч номын сангийн код | МУИС-ийн номын сан |
| 084 ## - ББК АНГИЛАЛ | |
| Нэмэлт тусгалт | Нэг сэдэвт бүтээл |
| Мэдлэгийн ялгаа | 63 - Түүх |
| ББК ангилал | 63.3(533) |
| Зохиогчийн гурван тэмдэгт | A 48 |
| 100 1# - ЗОХИОГЧ | |
| Зохиогчийн нэр | Amitai, Reuven |
| 245 10 - ҮНДСЭН ГАРЧИГ | |
| Номын нэр | Mongols and Mamluks |
| Бага гарчгийн мэдээ | The Mamluk-Īlkhānid War, 1260-1281 |
| 260 ## - ГАРАЛТЫН МЭДЭЭ | |
| Хэвлэгдсэн газар | Cambridge |
| Хэвлэлийн газар | Cambridge University Press |
| Хэвлэгдсэн он | 2004 |
| 300 ## - МАТЕРИАЛЫН ТОДОРХОЙЛОЛТ | |
| хуудасны тоо | xv, 272 p. : |
| Бусад тоон мэдээлэл | ill., maps ; |
| Хэмжээ | 23 cm |
| 500 ## - Тайлбар | |
| Дансны дугаар | ГФ 20904 |
| 505 ## - Агуулгын тэмдэглэгээ | |
| Агуулгын тэмдэглэгээ | For sixty years, from 1260 to 1323, the Mamluk state in Egypt and Syria was at war with the Ilkhanid Mongols based in Persia. This is the first comprehensive study of the political and military aspects of the early years of the war, from the battle of 'Ayn Jalut in 1260 to the battle of Homs in 1281. In between these campaigns, the Mamluk-Ilkhanid struggle was continued in the manner of a 'cold war' with both sides involved in border skirmishes, diplomatic manoeuvres, and espionage. Here, as in the major battles, the Mamluks usually maintained the upper hand, establishing themselves as the foremost Muslim power at the time. By drawing on previously untapped Persian and Arabic sources, the author sheds new light on the confrontation, examining the war within the context of Mongol/Mamluk relations with the Byzantine Empire, the Latin West and the Crusading states. |
| 546 ## - ХЭЛНИЙ ТУХАЙ МЭДЭЭ | |
| Хэл | Англи хэл дээр, |
| 653 ## - Түлхүүр үг | |
| Түлхүүр үг | history |
| 653 ## - Түлхүүр үг | |
| Түлхүүр үг | history of Islam |
| 653 ## - Түлхүүр үг | |
| Түлхүүр үг | Islamic empire |
| 740 ## - НОМЫН ГАРЧИГ | |
| Гарчиг | The historical background |
| 740 ## - НОМЫН ГАРЧИГ | |
| Гарчиг | The formulation of anti-İlkhanid policy |
| 740 ## - НОМЫН ГАРЧИГ | |
| Гарчиг | The battle of Ayn Jālūt |
| 740 ## - НОМЫН ГАРЧИГ | |
| Гарчиг | The search for a second front |
| 740 ## - НОМЫН ГАРЧИГ | |
| Гарчиг | Military and diplomatic skirmishing |
| 740 ## - НОМЫН ГАРЧИГ | |
| Гарчиг | The secret war |
| 740 ## - НОМЫН ГАРЧИГ | |
| Гарчиг | Baybars's intervention in Seljuq Rüm |
| 740 ## - НОМЫН ГАРЧИГ | |
| Гарчиг | Baybars's posthumous victory: the second battle of Homs (680/1281) |
| 740 ## - НОМЫН ГАРЧИГ | |
| Гарчиг | The Mamluk-İlkhanid frontier |
| 740 ## - НОМЫН ГАРЧИГ | |
| Гарчиг | Mamluks and Mongols: an overview |
| 942 ## - ЭЛЕМЕНТИЙН ТӨРӨЛ | |
| Зүйлийн төрөл | Ном |
